| 000 | 00434nam a2200145Ia 4500 | ||
|---|---|---|---|
| 008 | 151021s9999 xx 000 0 und d | ||
| 020 | _a9.7801350458e+012 | ||
| 050 | _aTK5105.5.C5897 2009 | ||
| 245 | _a_Computer Networks and Internets (5th ed) | ||
| 260 | _aNew Jersey Pearson Education 2009 | ||
| 300 | _axxvii,600p.;ill. | ||
| 500 | _aInclude Index | ||
| 650 | _a_Data Communication | ||
| 980 | _a^d20110121 09:48:47^okilerai | ||
| 999 |
_c6221 _d6221 |
||